000 00328nam a2200133 i 4500
001 bg
100 1 _aSTANISZKIS, Witold W.
245 0 _aOrganizacja i planowanie budowy /
_cWitold W. Staniszkis.
260 _aBiaƂystok,
_c1978.
040 _cBPK
041 _apol
942 _cKS
008 s pl f |000 0 pol
999 _c17820
_d17820
856 _uhttp://koha.tu.koszalin.pl/cgi-bin/koha/opac-detail.pl?biblionumber=17820
_yKatalog online BPK